000
00310nam a2200121Ia 4500
008
190216s9999||||xx |||||||||||||| ||und||
100
_a
Kulbir Singh Sidhu
245
4
_a
The Teaching Of Mathematics: Book Bank
260
_b
Sterling Publications
_c
1967
300
_a
315p
650
_a
Mathematics
942
_c
BK
999
_c
30423
_d
30423